000 00806nam a22002657a 4500
001 BR9602812
003 BR-BrBNA
005 20230928095012.0
007 ta
008 230509b bl.||||| |||| 00| 0 por d
040 _aBR-BrBNA
_bpor
_cBiblioteca Nacional de Agricultura
041 _a(Por)
072 _aF07
090 _ F07 BR9602812
100 1 _aAraujo, I.S. de
110 1 _aPrograma de Aplicação da Tecnologia Adaptada às Comunidades, Campina Grande, PB (Brasil)
_97947
245 1 _aCurva de nivel
_bTecnologia apropriada ao pequeno produtor rural, no. 1
260 3 _aCampina Grande, PB (Brasil):
_c[nd].
300 _a17 p.
650 _aCultivo em Curva de Nivel
650 _aTecnologia Apropriada
650 _aPratico
909 _a202309
_bLucia
_c55
_dLucia Elande
942 _cBK
999 _c53927
_d53927